000 00905nam a22003137a 4500
005 20260410114832.0
008 260410m20252012|||||||| |||| 00| 0 eng d
020 _a9781394267323
020 _a9781394267316
040 _cPK-LaUMT
082 _a370.15
_bEDU-
245 0 0 _aEducational psychology /
_cby Angela O'Donnell . . . [et al.]
250 _a4th ed.
260 _aBrisbane :
_bJohn Wiley & Sons,
_c2025
300 _axi, 639 p.
500 _aIndex present
546 _aEng
650 _aEducational psychology
_9332
700 1 _aO'Donnell, Angela
_910853
700 1 _aReeve, Johnmarshall
_910236
700 1 _aSmith, Jeffrey K.
_910854
700 1 _aDobozy, Eva
_910855
700 1 _aNagel, Michael C
_910856
700 1 _aBartlett, Brendan
_910857
700 1 _aSmala, Simone
_910858
700 1 _aWormald, Catherine
_910859
700 1 _aYates, Gregory
_910860
942 _cBK
999 _c140482
_d140482